000 00677nam a2200217 a 4500
999 _c3375
_d3375
001 3375
003 BD-JhCC
005 20171113113511.0
008 171113s1976 bg |||| ||a| 000 0 ben d
035 _a(BD-JhCC)3375
040 _aBD-JhCC
_dBD-JhCC
041 _aben
082 _a891.442
_bHAQ 1976
100 _aহক, সৈয়দ শামসুল
245 _aপায়ের আওয়াজ পাওয়া যায় /
_cসৈয়দ শামসুল হক,
260 _aঢাকা :
_bসন্ধানী প্রকাশনী,
_c1976
300 _a65 p. :
_e21 cm.
650 _aBengali Drama
942 _2ddc
_cBK